000 00418nam a22001691a 4500
020 _a9788187474739
082 _aM6
_bFRA/K
100 _aFranz Kafka
245 _aKafkayude pranaya lekhanangal/
_cby Franz Kafka
260 _aCalicut:
_bPappiyon,
_c2010.
300 _a121p.
650 _aLetters Malayalam
650 _aLiterature Malayalam
650 _aLiterature
700 _aAntony K A (tr.)
942 _cBK
999 _c22359
_d22359